Vývoj a tvorba informačného systému pre vzdelávanie a poradenstvo

Tvorba komplexných vzdelávacích informačných systémov, ktoré môžu poslúžiť aj pre poradenskú činnosť. Vývoj a tvorba informačného systému Katedry genetiky a šľachtenia rastlín SPU v Nitre - Poradenstvo v semenárstve rastlín. Základná štruktúra informačného systému. Metodika prípravy základných texto...

Full description

Saved in:
Bibliographic Details
Main Author: Brindza, Ján
Other Authors: Popík, Peter
Format: Book Chapter
Language:Slovak
Subjects:
Tags: Add Tag
No Tags, Be the first to tag this record!

MARC

LEADER 00000naa a2200000 4500
001 r044021
005 20230927095532.0
041 0 |a slo 
044 |a SK 
245 1 0 |a Vývoj a tvorba informačného systému pre vzdelávanie a poradenstvo  |c Ján Brindza, Peter Popík 
520 |a Tvorba komplexných vzdelávacích informačných systémov, ktoré môžu poslúžiť aj pre poradenskú činnosť. Vývoj a tvorba informačného systému Katedry genetiky a šľachtenia rastlín SPU v Nitre - Poradenstvo v semenárstve rastlín. Základná štruktúra informačného systému. Metodika prípravy základných textov. Ukážky z informačného systému. 
610 2 0 |a systémy informačné 
610 2 0 |a vzdelávanie 
610 2 0 |a poradenstvo 
610 2 0 |a metodika 
610 2 0 |a SPU Nitra 
100 1 |a Brindza, Ján 
700 1 |a Popík, Peter